[Event "GER-chT Lands U20"]
[Site "Wiesbaden"]
[Date "2022.10.02"]
[Round "3.6"]
[White "Schmider, Niklas"]
[Black "Grossmann, Piet"]
[Result "1-0"]
[WhiteElo "2407"]
[BlackElo "1945"]
[PlyCount "77"]
[EventDate "2022.09.30"]
[EventType "team-swiss"]
[EventRounds "7"]
[EventCountry "GER"]
[SourceTitle "CBM 210 Extra"]
[Source "ChessBase"]
[SourceDate "2022.11.30"]
[SourceVersion "1"]
[SourceVersionDate "2022.11.30"]
[SourceQuality "1"]
[WhiteTeam "Baden U20"]
[BlackTeam "Mecklenburg Vorpommern U20"]
[WhiteTeamCountry "GER"]
[BlackTeamCountry "GER"]

1. Nf3 Nf6 2. g3 e6 3. Bg2 Be7 4. d4 0-0 5. c4 d5 6. Nc3 c5 7. cxd5 exd5 8. 0-0 c4 9. Bg5 Nc6 10. Ne5 Be6 11. b3 cxb3 12. axb3 h6 13. Bxf6 Bxf6 14. Nxc6 bxc6 15. Na4 Bf5 16. Rc1 Qd6 17. Qd2 Rab8 18. Rc3 Rfc8 19. Nc5 Bd8 20. Qa2 Bb6 21. Rfc1 Re8 22. e3 Rbc8 23. Qa4 Re7 24. Bf1 g6 25. Ba6 Rcc7 26. Nd3 Bxd3 27. Bxd3 c5 28. Qa3 Qf6 29. dxc5 d4 30. exd4 Qxd4 31. cxb6 Rxc3 32. Rxc3 Re1+ 33. Bf1 Qxc3 34. bxa7 Rxf1+ 35. Kxf1 Qd3+ 36. Kg1 Qd1+ 37. Kg2 Qd5+ 38. f3 Qd2+ 39. Kh3 1-0

[Event "Spilimbergo op 20th"]
[Site "Spilimbergo"]
[Date "2022.08.12"]
[Round "6"]
[White "Schmider, Niklas"]
[Black "Deuer, Marius"]
[Result "0-1"]
[WhiteElo "2413"]
[BlackElo "2303"]
[PlyCount "116"]
[EventDate "2022.08.09"]
[EventType "swiss"]
[EventRounds "9"]
[EventCountry "ITA"]
[SourceTitle "EXT 2023"]
[Source "ChessBase"]
[SourceDate "2022.10.05"]
[SourceVersion "1"]
[SourceVersionDate "2022.10.05"]
[SourceQuality "1"]

1. d4 Nf6 2. c4 e6 3. g3 Bb4+ 4. Bd2 Be7 5. Bg2 d5 6. Qc2 0-0 7. Nf3 c6 8. 0-0 Nbd7 9. Bf4 b6 10. Ne5 Nxe5 11. Bxe5 Ba6 12. Nd2 Nd7 13. Bf4 Bf6 14. Bd6 Re8 15. e3 Nf8 16. Ba3 Qd7 17. Rfd1 Rac8 18. Rac1 Red8 19. b3 Qe8 20. Nf3 Nd7 21. e4 dxe4 22. Qxe4 c5 23. Bb2 cxd4 24. Bxd4 Nc5 25. Qe3 Bxd4 26. Nxd4 Bb7 27. Bxb7 Nxb7 28. Nb5 a6 29. Qxb6 axb5 30. Qxb7 Rxd1+ 31. Rxd1 bxc4 32. bxc4 Rxc4 33. Qb5 Rc8 34. Qxe8+ Rxe8 35. Kf1 Kf8 36. a4 Ra8 37. Rd4 Ke7 38. Ke2 e5 39. Rc4 Kd6 40. Kd3 Kd5 41. Kc3 Ra7 42. Kb3 f5 43. h4 g6 44. Rc2 h6 45. Kb4 Rb7+ 46. Ka5 g5 47. Ka6 Rb4 48. a5 gxh4 49. gxh4 f4 50. Ka7 e4 51. a6 e3 52. Ka8 Kd4 53. fxe3+ fxe3 54. Rc6 e2 55. Re6 Kd3 56. h5 Re4 57. Rxe4 Kxe4 58. a7 e1Q 0-1

[Event "BL2-Sued 2122"]
[Site "Germany"]
[Date "2022.07.02"]
[Round "9.6"]
[White "Schmider, Niklas"]
[Black "Commercon, Simon"]
[Result "1-0"]
[WhiteElo "2398"]
[BlackElo "2234"]
[PlyCount "51"]
[EventDate "2022.03.05"]
[EventType "team-tourn"]
[EventRounds "10"]
[EventCountry "GER"]
[SourceTitle "EXT 2023"]
[Source "ChessBase"]
[SourceDate "2022.10.05"]
[SourceVersion "1"]
[SourceVersionDate "2022.10.05"]
[SourceQuality "1"]
[WhiteTeam "Baden-Baden II"]
[BlackTeam "Speyer Schwegenheim"]
[WhiteTeamCountry "GER"]
[BlackTeamCountry "GER"]

1. e4 c6 2. d4 d5 3. e5 c5 4. dxc5 e6 5. a3 Bxc5 6. Nf3 Ne7 7. Bd3 Ng6 8. b4 Bb6 9. g3 f6 10. Bxg6+ hxg6 11. Qd3 Kf7 12. Bb2 Nc6 13. 0-0 Rh5 14. exf6 gxf6 15. c4 dxc4 16. Qxc4 Qd5 17. Qe2 e5 18. Nc3 Qe6 19. Ne4 Nd4 20. Bxd4 exd4 21. Rfe1 Bd7 22. Qd2 Qd5 23. Qf4 Bd8 24. Nxd4 Kg7 25. Rad1 Ba4 26. Nc3 1-0

[Event "Cattolica op-A"]
[Site "Cattolica"]
[Date "2022.06.10"]
[Round "8"]
[White "Schmider, Niklas"]
[Black "Brunello, Sabino"]
[Result "1/2-1/2"]
[WhiteElo "2398"]
[BlackElo "2511"]
[PlyCount "110"]
[EventDate "2022.06.04"]
[EventType "swiss"]
[EventRounds "9"]
[EventCountry "ITA"]
[SourceTitle "EXT 2023"]
[Source "ChessBase"]
[SourceDate "2022.10.05"]
[SourceVersion "1"]
[SourceVersionDate "2022.10.05"]
[SourceQuality "1"]

1. e4 e5 2. Nf3 Nc6 3. Bb5 a6 4. Ba4 Nf6 5. 0-0 Nxe4 6. d4 b5 7. Bb3 d5 8. dxe5 Be6 9. Qe2 Be7 10. Rd1 0-0 11. c4 bxc4 12. Bxc4 Bc5 13. Be3 Bxe3 14. Qxe3 Qb8 15. Bb3 Na5 16. Nbd2 Nxd2 17. Rxd2 Nxb3 18. axb3 c5 19. Qxc5 Qxb3 20. Nd4 Qc4 21. Qa3 Qc8 22. Qd3 f6 23. Re1 fxe5 24. Rxe5 Bf7 25. Rc2 Qb7 26. Rce2 Rac8 27. h3 Qb4 28. Qe3 Rc4 29. Nf5 d4 30. Qg5 g6 31. Nh6+ Kg7 32. Ng4 Qd6 33. Re7 d3 34. R2e6 Qf4 35. Qxf4 Rxf4 36. Rd6 Re8 37. Rxe8 Bxe8 38. Rxd3 h5 39. Ne3 Rb4 40. Rd2 Bf7 41. Kf1 a5 42. Nd1 Kf6 43. Ke1 Ke5 44. Rd7 Bd5 45. Ra7 Bxg2 46. Rxa5+ Ke6 47. Rg5 Bxh3 48. Rxg6+ Kf7 49. Rg5 h4 50. Ne3 Be6 51. Kf1 h3 52. Kg1 Rxb2 53. Ng4 Bxg4 54. Rxg4 h2+ 55. Kxh2 Rxf2+ 1/2-1/2

[Event "Cattolica op-A"]
[Site "Cattolica"]
[Date "2022.06.05"]
[Round "2"]
[White "Schmider, Niklas"]
[Black "Sala, Giulia"]
[Result "1-0"]
[WhiteElo "2398"]
[BlackElo "1863"]
[PlyCount "75"]
[EventDate "2022.06.04"]
[EventType "swiss"]
[EventRounds "9"]
[EventCountry "ITA"]
[SourceTitle "EXT 2023"]
[Source "ChessBase"]
[SourceDate "2022.10.05"]
[SourceVersion "1"]
[SourceVersionDate "2022.10.05"]
[SourceQuality "1"]

1. e4 e5 2. Nf3 Nc6 3. Bb5 Nge7 4. c3 g6 5. d4 exd4 6. cxd4 a6 7. Ba4 b5 8. Bb3 Bg7 9. d5 Na5 10. Bd2 Nxb3 11. axb3 Bxb2 12. Nc3 Bxa1 13. Qxa1 0-0 14. Bh6 f6 15. Bxf8 Qxf8 16. Nxb5 c6 17. Nc7 Ra7 18. d6 Nf5 19. exf5 Qxd6 20. 0-0 Rxc7 21. fxg6 hxg6 22. Nh4 Kf7 23. Re1 Qb4 24. g3 d5 25. Qb1 f5 26. Qc1 Qd6 27. Qh6 Qf6 28. Nf3 Re7 29. Qh7+ Kf8 30. Rxe7 Qxe7 31. Qh8+ Kf7 32. Qxc8 c5 33. Qc6 d4 34. Qxa6 Kg7 35. Qc4 Qe4 36. Ng5 Qb1+ 37. Kg2 d3 38. Qf7+ 1-0

[Event "BL2-Sued 2122"]
[Site "Germany"]
[Date "2022.05.15"]
[Round "6.5"]
[White "Grigoriants, Sergey"]
[Black "Schmider, Niklas"]
[Result "1-0"]
[WhiteElo "2547"]
[BlackElo "2393"]
[PlyCount "69"]
[EventDate "2022.03.05"]
[EventType "team-tourn"]
[EventRounds "10"]
[EventCountry "GER"]
[SourceTitle "EXT 2023"]
[Source "ChessBase"]
[SourceDate "2022.10.05"]
[SourceVersion "1"]
[SourceVersionDate "2022.10.05"]
[SourceQuality "1"]
[WhiteTeam "Oetigheim"]
[BlackTeam "Baden-Baden II"]
[WhiteTeamCountry "GER"]
[BlackTeamCountry "GER"]

1. e4 e5 2. Nf3 Nc6 3. Bb5 a6 4. Ba4 Nf6 5. 0-0 Bc5 6. c3 b5 7. Bb3 d6 8. a4 Bb7 9. d4 Bb6 10. Bg5 h6 11. Bxf6 Qxf6 12. Bd5 0-0 13. Na3 Rfb8 14. Nc2 exd4 15. cxd4 bxa4 16. Rxa4 a5 17. g3 Ne7 18. Bxb7 Rxb7 19. Ne3 c6 20. b4 Bc7 21. bxa5 Rxa5 22. Rxa5 Bxa5 23. Kg2 Rb4 24. Qd3 Qe6 25. Ra1 Bb6 26. Ra8+ Kh7 27. h4 g6 28. h5 d5 29. Qa3 c5 30. dxc5 dxe4 31. Ng5+ hxg5 32. Qxb4 Bc7 33. Qb7 Qe5 34. hxg6+ Kxg6 35. Ra7 1-0

[Event "BL2-Sued 2122"]
[Site "Germany"]
[Date "2022.05.01"]
[Round "4.5"]
[White "Schmider, Niklas"]
[Black "Fichter, Fabian"]
[Result "1-0"]
[WhiteElo "2366"]
[BlackElo "2229"]
[PlyCount "159"]
[EventDate "2022.03.05"]
[EventType "team-tourn"]
[EventRounds "10"]
[EventCountry "GER"]
[SourceTitle "EXT 2023"]
[Source "ChessBase"]
[SourceDate "2022.10.05"]
[SourceVersion "1"]
[SourceVersionDate "2022.10.05"]
[SourceQuality "1"]
[WhiteTeam "Baden-Baden II"]
[BlackTeam "Walldorf"]
[WhiteTeamCountry "GER"]
[BlackTeamCountry "GER"]

1. d4 d5 2. c4 c6 3. Nf3 Nf6 4. e3 e6 5. b3 Nbd7 6. Bd3 Bd6 7. Bb2 0-0 8. 0-0 Re8 9. Ne5 Nf8 10. Nd2 N6d7 11. Qh5 g6 12. Qh6 f6 13. Nef3 f5 14. Ne5 Qe7 15. f4 Nf6 16. Ndf3 Qg7 17. Qh4 h6 18. Qg3 Bd7 19. Kh1 Re7 20. Rg1 Be8 21. Qh3 h5 22. Qh4 Ng4 23. Rae1 Rf7 24. h3 Be7 25. Qg3 Qh8 26. Nh2 Nxe5 27. dxe5 Qh6 28. Qf3 Bb4 29. Re2 Rg7 30. g4 fxg4 31. hxg4 g5 32. fxg5 Rxg5 33. Qh3 Bg6 34. Bxg6 Qxg6 35. Reg2 h4 36. Nf3 Nh7 37. Qxh4 Rf8 38. Nxg5 Nxg5 39. Qh5 Kg7 40. Qxg6+ Kxg6 41. Re2 Nh3 42. Rgg2 Kg5 43. cxd5 cxd5 44. Kh2 Kh4 45. Rc2 Ng5 46. Kh1 Be1 47. Ba3 Rf7 48. Rc8 Kh3 49. Rf8 Bg3 50. Rxf7 Nxf7 51. Rc2 Bxe5 52. Rf2 Ng5 53. Be7 Ne4 54. Rf7 d4 55. Rh7+ Kxg4 56. exd4 Bxd4 57. Kg2 e5 58. Bb4 b5 59. Rb7 Bb6 60. Rf7 Bd4 61. Kf1 Ng5 62. Rb7 Bb6 63. Ke2 Kf5 64. Re7 Ne6 65. Bd6 e4 66. Kd2 Kf6 67. Rh7 Kg6 68. Rh4 e3+ 69. Kd3 Kg5 70. Re4 Kf6 71. Re5 a6 72. Rh5 Nd4 73. Be5+ Kg6 74. Bxd4 Bxd4 75. Kxd4 Kxh5 76. Kxe3 Kg5 77. Kd4 Kf6 78. Kc5 Ke5 79. Kb6 Kd6 80. Kxa6 1-0

[Event "Marianske Lazne IM-B3 20th"]
[Site "Marianske Lazne"]
[Date "2022.01.20"]
[Round "7"]
[White "Schmider, Niklas"]
[Black "Kantorik, Marian"]
[Result "1-0"]
[WhiteElo "2330"]
[BlackElo "2209"]
[PlyCount "101"]
[EventDate "2022.01.15"]
[EventType "tourn"]
[EventRounds "9"]
[EventCountry "CZE"]
[EventCategory "1"]
[SourceTitle "CBM 206 Extra"]
[Source "ChessBase"]
[SourceDate "2022.03.31"]
[SourceVersion "1"]
[SourceVersionDate "2022.03.31"]
[SourceQuality "1"]

1. e4 Nc6 2. Nf3 d6 3. d4 Nf6 4. Nc3 Bg4 5. Be3 g6 6. h3 Bxf3 7. Qxf3 Bg7 8. 0-0-0 e5 9. dxe5 Nxe5 10. Qe2 0-0 11. g4 Nc6 12. h4 Re8 13. f3 Nd7 14. Bg5 Qc8 15. h5 h6 16. Bd2 g5 17. f4 f6 18. Qf2 Nb6 19. Nd5 Rf8 20. Bd3 Qd7 21. Ne3 Ne7 22. Rhf1 Rae8 23. Kb1 Kh8 24. Qe2 a6 25. Qg2 Qc8 26. Bc1 Nd7 27. c3 b5 28. Bc2 Nc5 29. Rde1 Ne6 30. e5 Nxf4 31. Qe4 f5 32. gxf5 d5 33. Nxd5 Nexd5 34. Bxf4 Nf6 35. Qf3 gxf4 36. exf6 Rxe1+ 37. Rxe1 Rxf6 38. Qxf4 Qd8 39. a3 Qd7 40. Qe4 Bf8 41. Rg1 Qe7 42. Qg4 Bg7 43. Bb3 c5 44. Be6 Rf8 45. Qe4 a5 46. Rg6 b4 47. Qe3 Rf6 48. Rxf6 Qxf6 49. Qxc5 bxc3 50. Qc8+ Qf8 51. f6 1-0

[Event "Marianske Lazne IM-B3 20th"]
[Site "Marianske Lazne"]
[Date "2022.01.18"]
[Round "4"]
[White "Schmider, Niklas"]
[Black "Mannion, Stephen R"]
[Result "1/2-1/2"]
[WhiteElo "2330"]
[BlackElo "2271"]
[PlyCount "55"]
[EventDate "2022.01.15"]
[EventType "tourn"]
[EventRounds "9"]
[EventCountry "CZE"]
[EventCategory "1"]
[SourceTitle "CBM 206 Extra"]
[Source "ChessBase"]
[SourceDate "2022.03.31"]
[SourceVersion "1"]
[SourceVersionDate "2022.03.31"]
[SourceQuality "1"]

1. e4 e5 2. Nf3 Nc6 3. Bb5 a6 4. Ba4 Nf6 5. 0-0 Be7 6. Re1 b5 7. Bb3 d6 8. c3 0-0 9. h3 Bb7 10. d4 Nd7 11. Nbd2 exd4 12. cxd4 Bf6 13. Nf1 Na5 14. Bc2 Re8 15. Ng3 g6 16. Rb1 c5 17. d5 Nc4 18. b3 Ncb6 19. Bf4 Ne5 20. Nh2 b4 21. Be3 a5 22. f4 Ned7 23. Bd3 a4 24. Nf3 axb3 25. axb3 Ra2 26. Bf2 Bg7 27. Bb5 Qa8 28. Nf1 1/2-1/2